| 000 | 00408nam a22001577a 4500 | ||
|---|---|---|---|
| 003 | OSt | ||
| 008 | 260428b |||||||| |||| 00| 0 eng d | ||
| 082 |
_a633.83 _bD18G |
||
| 100 | _aDas, Sudhir | ||
| 245 | _aGenetic Studies in Summer Chilli (Capsicum annuum L.) | ||
| 260 |
_aPusa, Samastipur _bRAU _c1997 |
||
| 300 | _a80P. | ||
| 502 |
_bMsc. _d1997 |
||
| 650 | _aVegetables & Horticulture | ||
| 942 |
_2ddc _cT |
||
| 999 |
_c50231 _d50231 |
||